Promoting Independent Media : strategies for democracy assistance (Record no. 858)

MARC details
000 -LEADER
Fixed length control field 00498nam a2200169 4500
003 - CONTROL NUMBER IDENTIFIER
Control field SEACOMMC
005 - DATE AND TIME OF LATEST TRANSACTION
Control field 20250426130835.0
008 - FIXED-LENGTH DATA ELEMENTS--GENERAL INFORMATION
Fixed length control field 241210b |||||||| |||| 00| 0 eng d
020 ## - INTERNATIONAL STANDARD BOOK NUMBER / ISBN
International Standard Book Number 1-58826-429-7
Price Rs.695.00
040 ## - CATALOGING SOURCE
Original cataloging agency SEACOMMC
082 ## - DEWEY DECIMAL CLASSIFICATION NUMBER
Classification number 302.23
Book Number K 96
100 ## - MAIN ENTRY--PERSONAL NAME
Personal name Kumar, Krishna
245 1# - TITLE STATEMENT
Title Promoting Independent Media : strategies for democracy assistance
Statement of responsibility Krishna Kumar
260 ## - IMPRINT
Place of publication Kolkata
Name of publisher Viva Publishers
Date of publication 2006
650 ## - SUBJECT ADDED ENTRY--TOPICAL TERM
Topical term Mass media -- Political aspects
942 ## - ADDED ENTRY ELEMENTS (KOHA)
Koha item type Books
Holdings
Withdrawn status Lost status Source of classification Damaged status Not for loan Home library Current library Shelving location Date acquired Total Checkouts Call number Accession number Date last seen Price effective from Koha item type
    Dewey Decimal Classification     SEACOM MANAGEMENT COLLEGE SEACOM MANAGEMENT COLLEGE Reference 04/12/2007   302.23 22 K 96 M-1149 10/12/2024 10/12/2024 Books
© Seacom Engineering College, All rights reserved.    Powered by Koha